Pracovněprávní vztahy při konkurzu a vyrovnání. 3
Odchýlky pre vedúcich pracovníkov. Trvanie pracovnoprávnych vzťahov. Postavenie odborovej organizácie pri úpadku podniku.
Na minha lista:
| Autor principal: | |
|---|---|
| Formato: | Capítulo de Livro |
| Idioma: | tcheco |
| Assuntos: | |
| Tags: |
Sem tags, seja o primeiro a adicionar uma tag!
|
MARC
| LEADER | 00000naa a2200000 4500 | ||
|---|---|---|---|
| 001 | r000763 | ||
| 005 | 20221213083013.4 | ||
| 041 | 0 | |a cze | |
| 044 | |a CZ | ||
| 245 | 1 | 0 | |a Pracovněprávní vztahy při konkurzu a vyrovnání. 3 |c B. Šubrt |
| 520 | |a Odchýlky pre vedúcich pracovníkov. Trvanie pracovnoprávnych vzťahov. Postavenie odborovej organizácie pri úpadku podniku. | ||
| 610 | 2 | 0 | |a konkurzy |
| 610 | 2 | 0 | |a vyrovnanie |
| 610 | 2 | 0 | |a bankrot |
| 610 | 2 | 0 | |a zákony |
| 610 | 2 | 0 | |a predpisy právne |
| 610 | 2 | 0 | |a Česko |
| 610 | 2 | 0 | |a 1993 |
| 610 | 2 | 0 | |a pracovníci vedúci |
| 610 | 2 | 0 | |a vzťahy pracovnoprávne |
| 610 | 2 | 0 | |a úpadok podniku |
| 610 | 2 | 0 | |a zmluvy hospodárske |
| 610 | 2 | 0 | |a pomer pracovný |
| 610 | 2 | 0 | |a odbory |
| 100 | 1 | |a Šubrt, B. | |